00903nam a2200265 a 4500001000500000005001700005020001700022040002300039050002400062082001200086100001800098245007900116250004600195260003400241300004000275490001700315505000800332520014400340521002000484521002000504650002100524650003500545650002200580700003500602121320231124102851.0 a078073002757 aDLCcDLCdDLCbeng00aPZ7.H55778bRe 198800a5742201 aHiller, B. B.10aRent a third grader /cby B.B. Hiller ; illustrations by Meredith Johnson. aFirst Scholastic printing, September 1988 aNew York :bScholastic,c1988 a190 pages :billustrations ;c20 cm aLittle apple aR  aThird grade students need to make some money. Unless they can come up with enough money to save Partner, the police horse will be pet food. a670 bLexile  aR bRaz-Plus  1aHorsesxFiction. 1aBusiness enterprisesxFiction. 1aSchoolsxFiction.1 aJohnson, MereditheIllustrator